LEADER 01365nam a2200313 i 4500 001 000000147095 003 CaOOAMICUS 005 20231009105125.0 008 060124s1982 it u000 u ita u 020 $a88-222-3078-7 040 $aSeMil$bita 100 1 $aAntonicelli, Franco,$d<1902-1974>.$0(OLS)http://semarc/name/8848 245 10$aCapitoli Gozzaniani :$bscritti editi e inediti /$cFranco Antonicelli ; a cura di Michele Mari. 264 1$aFirenze :$bLeo S. Olschki,$c1982. 300 $a117 p. ;$c24 cm. 490 0 $aTesti ;$v4 500 $aIn testa al front. : Università di Torino, centro di studi di letteratura italiana in Piemonte «Guido Gozzano» 541 0 $aFondo Ciprandi (1O IV 283) 600 14$aGozzano, Guido <1883-1916>.$0(OLS)http://semarc/subject/8508 700 1 $aMari, Michele.$0(OLS)http://semarc/name/13087 830 0$aTesti ;$v4.$0(OLS)http://semarc/title/6082 850 $aSeMil 852 $aSeMil$W1$xVenegono$y1$m1O IV 283$j243674$B99684$CSeMilBibl$Z2$F108186 $81 941 1 $a1 961 $aOmaggio: Ciprandi dott. Paolo 996 $6020$a88-222-3078-7$9(OLS)http://semarc/number/135754 996 $6245$aCapitoli Gozzaniani :$bscritti editi e inediti$9(OLS)http://semarc/title/215120 996 $6264$aFirenze :$bLeo S. Olschki$9(OLS)http://semarc/publisher/29957 LEADER 01502nam a2200277 i 4500 001 000000162282 003 CaOOAMICUS 005 20070616000000.0 008 070616s2007 it u000 u ita u 013 $a139646 040 $aSeMil$bita 100 1 $aParolari, Enrico,$d<1964- >.$0(OLS)http://semarc/name/42923 245 10$aGuardare la paura negli occhi :$bcrescere, incontrare, morire /$cEnrico Parolari, Ermenegildo Conti, Francesco Scanziani. 260 $a[S.l.] :$bSeminario Arcivescovile di Milano,$c2007. 300 $a43 p. ;$c21 cm. 490 0 $aQuaderni di S. Pietro Martire ;$v44 490 0 $aQuaderni di S. Pietro Martire. Serie Intelligenza della fede ;$v28 500 $aIn testa al front : Comunità Propedeutica e del Biennio Teologico. - [Pubblicazione degli Incontri di Cultura e Spiritualità 2007]. 700 1 $aScanziani, Francesco,$d<1968- >.$0(OLS)http://semarc/name/14233 700 1 $aConti, Ermenegildo <1965- >.$0(OLS)http://semarc/name/37841 830 0$aQuaderni di S. Pietro Martire ;$v44.$0(OLS)http://semarc/title/19757 830 0$aQuaderni di S. Pietro Martire. Serie Intelligenza della fede ;$v28.$0(OLS)http://semarc/title/19763 850 $aSeMil 852 $aSeMil$W1$xVenegono$y1$m5D V 26/7$j113643$B113643$CSeMilBibl$Z2$F124237 $81 996 $6245$aGuardare la paura negli occhi :$bcrescere, incontrare, morire$9(OLS)http://semarc/title/145903 996 $6260$a[S.l.] :$bSeminario Arcivescovile di Milano$9(OLS)http://semarc/publisher/44246